=LDR 00000nam 2200000 4500 =001 INLIS000000000030542 =005 20130612132658 =008 ***********************************Ind** =035 ##$$0010-061300000030542 =041 ##$$a Ind =082 ##$$a 646.1 =090 ##$$a 646.1, Meh m =100 ##$$a Soedjono =245 ##$$a Memahami teknik mesin jahit, Soedjono =260 ##$$a 1984 $b Jakarta =300 ##$$a vii, 37 hlm, ilus, 22 cm =650 ##$$a Mesin Jahit =850 ##$$a NBPNMAT =990 ##$$a 0001/BPAP-NTB/2016